Teatro trágico (Record no. 100627)

MARC details
000 -LEADER
campo de control de longitud fija 00588nam a2200205 i 4500
001 - NÚMERO DE CONTROL
campo de control 100627
003 - IDENTIFICADOR DE NÚMERO DE CONTROL
campo de control ES-MaACL
005 - FECHA Y HORA DE LA ÚLTIMA TRANSACCIÓN
campo de control 20230906182718.0
007 - CAMPO FIJO DE DESCRIPCIÓN FÍSICA--INFORMACIÓN GENERAL
campo de control de longitud fija t|
008 - DATOS DE LONGITUD FIJA--INFORMACIÓN GENERAL
campo de control de longitud fija 050930s1922 sp ||||1| spa d
100 1# - ENTRADA PRINCIPAL--NOMBRE DE PERSONA
Nombre de persona Mata, Pedro,
Fechas asociadas al nombre 1875-1946
9 (RLIN) 78887
245 10 - MENCIÓN DEL TÍTULO
Título Teatro trágico
Resto del título ; En la boca del lobo ; La Goya ; Uno menos /
Mención de responsabilidad, etc. Pedro Mata.
260 ## - PUBLICACIÓN, DISTRIBUCIÓN, ETC.
Lugar de publicación, distribución, etc. Madrid :
Nombre del editor, distribuidor, etc. [s.n.],
Fecha de publicación, distribución, etc. 1922 (
Fabricante Imp. Helénica)
300 ## - DESCRIPCIÓN FÍSICA
Extensión 262 p. ;
Dimensiones 20 cm.
740 0# - ENTRADA AGREGADA--TÍTULO RELACIONADO/ANALÍTICO NO CONTROLADO
Título relacionado o analítico no controlado En la boca del lobo.
740 3# - ENTRADA AGREGADA--TÍTULO RELACIONADO/ANALÍTICO NO CONTROLADO
Título relacionado o analítico no controlado La Goya.
740 0# - ENTRADA AGREGADA--TÍTULO RELACIONADO/ANALÍTICO NO CONTROLADO
Título relacionado o analítico no controlado Uno menos.
852 ## - LOCALIZACIÓN
Ubicación ES-MaACL
Número de control de estantería F-5121
Holdings
Estatus retirado Estado de pérdida Estado de daño No para préstamo Biblioteca de origen Biblioteca actual Ubicación en estantería Fecha de adquisición Fuente de adquisición Total de préstamos Signatura topográfica completa Código de barras Visto por última vez Precio de reemplazo Tipo de ítem Koha
        Biblioteca del Ateneo de Madrid Biblioteca del Ateneo de Madrid Depósito 2 17/01/2008     F-5121 1105060 23/02/2023 23/02/2023 Libro impreso